[Event "CZE-chT2A 1011"]
[Site "Czech Republic"]
[Date "2010.11.21"]
[Round "3"]
[White "Sturz, Ota"]
[Black "Novak, Michal"]
[Result "1-0"]
[WhiteElo "2127"]
[BlackElo "2165"]
[PlyCount "51"]
[EventDate "2010.10.17"]
[EventType "team-tourn"]
[EventRounds "11"]
[EventCountry "CZE"]
[SourceTitle "EXT 2012"]
[Source "ChessBase"]
[SourceDate "2011.11.24"]
[SourceVersion "1"]
[SourceVersionDate "2011.11.24"]
[SourceQuality "1"]
[WhiteTeam "Vysehrad II"]
[BlackTeam "Plzen Sokol"]
[WhiteTeamCountry "CZE"]
[BlackTeamCountry "CZE"]

1. Nf3 d5 2. g3 Nf6 3. Bg2 e6 4. 0-0 Be7 5. d3 0-0 6. Nbd2 c5 7. e4 Nc6 8. Qe2 Qc7 9. c3 dxe4 10. Nxe4 Nxe4 11. Qxe4 h6 12. Bf4 Bd6 13. Bxd6 Qxd6 14. Rad1 Rb8 15. d4 cxd4 16. Nxd4 Nxd4 17. Rxd4 Qc7 18. Rfd1 b6 19. Rc4 Qe7 20. Qe5 Bd7 21. Rc7 Rbd8 22. Qd4 e5 23. Qd2 Qe6 24. Rxd7 Rxd7 25. Qxd7 Qxa2 26. Qd2 1-0